| 000 | 00635nam a22002057a 4500 | ||
|---|---|---|---|
| 999 |
_c169452 _d169452 |
||
| 005 | 20191120161805.0 | ||
| 010 | _aENG-126944 | ||
| 020 |
_c799.00 _a9789389146912 |
||
| 035 | _aEN-110476 | ||
| 037 | _bDBAD/PUB | ||
| 082 | _a305.42 | ||
| 100 | _aRamya, R | ||
| 245 |
_aA journey into the world of women / _cby R Ramya [and] Pradeep Kumar B |
||
| 260 |
_bShanlax Publications _c2019 _aTamil Nadu |
||
| 270 |
_a61, 66 T.P.K. Main Road, Vasantha Nagar, Madurai _e625003 _bTamil Nadu |
||
| 300 |
_a171p. _c23cm(pbk) |
||
| 500 | _aIncludes references | ||
| 700 | _aB Pradeep Kumar | ||
| 942 |
_2ddc _cEN _h305.42 _mRAM |
||